000
00330nam a2200133Ia 4500
008
230725s1988 xx 000 0 und d
041
_a
eng
082
_a
615.119/GUP
100
_a
Gupta S, R.
245
_a
Hand Book of Medicin
_b
PHARMACOLOGY AND TOXICOLOGY
260
_b
S.CHAND
_c
1988
300
_a
744
500
_a
TEXT BOOK
999
_c
757792
_d
757792